000
00325nam a2200133Ia 4500
005
20260328104305.0
008
260328s9999||||xx |||||||||||||| ||und||
100
_a
Benet, Juan
245
0
_a
La Construcción de la torre de Babel /
_c
Juan Benet
260
_b
Siruela
300
_a
152 p.
650
_a
ENSAYOS
942
_c
BK
999
_c
10742
_d
10742